000 00695nam a2200289Ia 4500
005 20260324113200.0
008 008 260324s9999 xx 000 0 eng d
020 _a9781003316237
037 _aEBOOK
040 _aCRL
040 _beng
040 _cCRL
041 _2eng
041 _aeng
084 _qCRL
100 _aJelle Creemers; Tatiana Kopaleishvili
_91145747
245 0 _aReligious Freedom and COVID-19
245 2 _bA European Perspective
260 _bTaylor and Francis
260 _c2024
365 _a
365 _b230
856 _uhttp://www.taylorfrancis.com/books/9781003316237
942 _cEBOOK
999 _c1735264
_d1735264